Score 0/64 Timer 15:00
0 Plays Today
Teams % Correct
Team FISTIcarus
80%
Team FISTGran Akuma
80%
The Ring Crew ExpressDunn
80%
The Ring Crew ExpressMarcos
80%
---Necro Butcher
80%
The SuperfriendsChris Hero
80%
The SuperfriendsMike Quackenbush
80%
Knight Eye For The Pirate GuyLance Steel
73.3%
Men@WorkShane Storm
73.3%
---Eddie Kingston
73.3%
Knight Eye For The Pirate GuyJolly Roger
66.7%
The NightshiftHallowicked
66.7%
Team IWSEl Generico
66.7%
---Claudio Castagnoli
60%
You Can Call Me AlAllison Danger
60%
BJ & The BearThe Bear
60%
---Arik Cannon
53.3%
---Sabian
53.3%
Team PWGSuper Dragon
53.3%
BJ & The BearBeef Wellington
53.3%
Team Toryumon XSkayde
53.3%
---Larry Sweeney
53.3%
Men@WorkMr. ZERO
53.3%
Team IWSKevin Steen
53.3%
---Mickie Knuckles
53.3%
---Jigsaw
46.7%
ROH StudentsMatt Turner
46.7%
ROH StudentsAnthony Franco
46.7%
---Crossbones
40%
---Shane Hagadorn
40%
You Can Call Me AlAlere Littlefeather
40%
---Rorschach
40%
Teams % Correct
Team IWA:MSJimmy Jacobs
40%
Team Big DaddyDarkness Crabtree
33.3%
Team PWGB-Boy
33.3%
Mystery TeamKen the Box
33.3%
Team MPWDarin Corbin
33.3%
---Mad Man Pondo
33.3%
The NightshiftBlind Rage
33.3%
Perfect StrangersTrik Davis
33.3%
---The Sharecropper
33.3%
Team WXWMana
26.7%
Team Osaka ProEbessan
26.7%
Team IWA:MSDanny Daniels
26.7%
Team MPWVersion 2.0
26.7%
CKNYNiles Young
26.7%
---Private Eye
26.7%
Team Toryumon XMilanito Collection AT
26.7%
All Money Is LegalK-Murda
26.7%
---Davey Andrews
20%
Team Big DaddyShirley Doe
20%
---Ravage
20%
CKNYCory Kastle
20%
---DJ Skittlez
20%
Perfect StrangersEmil Sitoci
20%
Team WXWJohn Cabbie
13.3%
---Mano Metallico
13.3%
Team Osaka ProBilly Ken Kidd
13.3%
Team IWA:ReadingDin Mak
13.3%
Team IWA:ReadingMatt Bomboy
13.3%
Mystery TeamGlenn Spectre
13.3%
Team CZWJon Dahmer
13.3%
Team CZWDJ Hyde
13.3%
All Money Is LegalKid Pusha
6.7%
Remove Ads.
Support Sporcle.
Get the best of Sporcle when you Go Orange. This ad-free experience offers more features, more stats, and more fun while also helping to support Sporcle. Thank you for becoming a member.

You're not logged in!

Compare scores with friends on all Sporcle quizzes.
OR
Log In

Show Comments

Extras

Created Sep 28, 2009ReportNominate
Tags:name, team

Top Quizzes Today


Score Distribution

Your Account Isn't Verified!

In order to create a playlist on Sporcle, you need to verify the email address you used during registration. Go to your Sporcle Settings to finish the process.

Report this User

Report this user for behavior that violates our Community Guidelines.

Details: